Romance Languages - Sudden Death - Statistics

General Stats
  • This quiz has been taken 195 times
    186 since last reset
  • The average score is 9 of 10
Answers on the Grid
Answers color-coded by a green-red scale on the quiz's grid according to % correct below.
French
English
Italian
Urdu
Mandarin
Portuguese
Romanian
Khmer
Tamil
Catalan
German
Spanish
Slovak
Occitan
Burmese
Afrikaans
Vietnamese
Japanese
Hebrew
Yiddish
Sardinian
Asturian
Corsican
 
Answer Stats
Answer % Correct
Italian
96%
French
94%
Portuguese
92%
Romanian
92%
Spanish
92%
Catalan
88%
Sardinian
87%
Corsican
85%
Asturian
83%
Occitan
83%
No matching quizzes found
Score Distribution
Percent of People with Each Score
Percentile by Number Answered
Your Score History
You have not taken this quiz since the last reset